All First-Level Subdivisions of Northern Europe on a Map - Statistics

General Stats
  • This quiz has been taken 30 times
  • The average score is 36 of 68
Answers on the Map
Answers color-coded by a green-red scale on the quiz's map according to % correct below.
 
Answer Stats
Answer % Correct
Åland (Ahvenanmaa)
95%
Oslo
86%
Stockholm
86%
Gotland
82%
Lappi
77%
Sjælland
77%
Troms
77%
Finnmark
68%
Midtjylland
68%
Nordjylland
68%
Nordland
68%
Uppsala
68%
Etelä-Karjala
64%
Pohjois-Karjala
64%
Skåne
64%
Syddanmark
64%
Jämtland
59%
Kalmar
59%
Norrbotten
59%
Pohjanmaa
59%
Uusimaa
59%
Varsinais-Suomi
59%
Västerbotten
59%
Agder
55%
Keski-Pohjanmaa
55%
Örebro
55%
Pohjois-Pohjanmaa
55%
Rogaland
55%
Trøndelag
55%
Västmanland
55%
Akershus
50%
Dalarna
50%
Etelä-Pohjanmaa
50%
Etelä-Savo
50%
Gävleborg
50%
Innlandet
50%
Jönköping
50%
Keski-Suomi
50%
Östergötland
50%
Østfold
50%
Pohjois-Savo
50%
Södermanland
50%
Telemark
50%
Västra Götaland
50%
Vestfold
50%
Vestland
50%
Blekinge
45%
Halland
45%
Hovedstaden
45%
Kainuu
45%
Kanta-Häme
45%
Kronoberg
45%
Møre og Romsdal
45%
Pirkanmaa
45%
Satakunta
45%
Värmland
45%
Västernorrland
45%
Buskerud
41%
Höfuðborgarsvæðið
41%
Kymenlaakso
36%
Päijät-Häme
36%
Austurland
27%
Norðurland eystra
27%
Norðurland vestra
27%
Suðurland
27%
Suðurnes
27%
Vestfirðir
27%
Vesturland
27%
No matching quizzes found
Score Distribution
Percent of People with Each Score
Percentile by Number Answered
Your Score History
You have not taken this quiz